First Word Anime Shows Quiz Stats

 Plays Quiz Updated Sep 7, 2019

Score 0/30 Timer 04:00
10 Plays Today
First Word % Correct
Attack
90.4%
Cowboy
89.8%
Death
89.1%
Fullmetal
88.5%
One
88%
Sailor
87.4%
Sword
85.6%
Hunter
84.2%
Ghost
84.1%
Code
80.1%
Soul
79.8%
Neon
78.8%
Ouran
72%
Digimon
71.5%
Fate
70.5%
First Word % Correct
Detective
70.5%
Samurai
70.2%
Dragon
70.1%
Elfen
67.9%
Speed
66.9%
Fruits
65.5%
Astro
64.5%
Prince
61.9%
Mobile
61.6%
Fist
60.6%
Bobobo
58%
Lucky
49.1%
Kuroko's
48.2%
Cardcaptor
44.4%
Space
39%

You're not logged in!

Compare scores with friends on all Sporcle quizzes.
OR
Log In

Sporcle TV

Today on Sporcle TV


Watch our educational content, quiz creation guides, and fun videos on Sporcle TV.

Show Comments

Extras

Top Quizzes Today


Score Distribution

Your Account Isn't Verified!

In order to create a playlist on Sporcle, you need to verify the email address you used during registration. Go to your Sporcle Settings to finish the process.

Report this User

Report this user for behavior that violates our Community Guidelines.

Details: